000 00277nam a2200109Ia 4500
008 231212s1979 xx 000 0 und d
041 _aeng
082 _a621.3817
100 _aMillman Jacob
245 _aMicro Electronics Asian
260 _aNew Delhi
_bInternational Book
_c1979
999 _c958907
_d958907